000 00620nam a2200241Ia 4500
003 OSt
005 20221005025918.0
006 a|||||r|||| 00| 0
007 ta
008 221004b |||||||| |||| 00| 0 eng d
024 _a53298
037 _cTextual
040 _aCRL
_cCRL
_beng
041 _2eng
_aeng
082 _aRk, N5
100 _aAudi Robert Ed.
_98645
245 0 _aCambridge dictionary of philosophy
260 _aCambridge
_bCambridge press
_c1995
300 _a882p.
_ccm.
650 _aPHILOSOPHY
942 _hRk, N5
_cTEXL
_2cc
999 _c935433
_d935433